[Event "7. Open C.A. Ciudad los Angeles 2012"]
[Site "Madrid ESP"]
[Date "2013.04.07"]
[Round "1.21"]
[White "Martin Rodriguez, Jose Luis"]
[Black "Soto Martin, Pablo"]
[Result "0-1"]
[WhiteElo "1434"]
[BlackElo "1763"]
[PlyCount "38"]
[EventDate "2013.04.07"]
[EventType "swiss"]
[EventRounds "9"]
[EventCountry "ESP"]
[SourceTitle "Ajedrez en Madrid"]
[Source "lmi"]
[SourceDate "2013.04.07"]
[SourceVersion "1"]
[SourceVersionDate "2013.08.06"]
[SourceQuality "1"]

1. e4 e5 2. Nf3 Nc6 3. d4 exd4 4. Nxd4 Nf6 5. Nxc6 bxc6 6. e5 Qe7 7. Qe2 Nd5 8.
c4 Ba6 9. b3 O-O-O 10. f4 f6 11. Qf2 Nb6 12. c5 Bxf1 13. Qxf1 Qxc5 14. Bb2 Qe3+
15. Kd1 Nd5 16. g3 Bb4 17. Qe2 Qc5 18. Bc1 Qd4+ 19. Bd2 Qxa1 0-1

[Event "7. Open C.A. Ciudad los Angeles 2012"]
[Site "Madrid ESP"]
[Date "2013.04.07"]
[Round "1.22"]
[White "Fernandez Rodriguez, Fernando J"]
[Black "Pablos Ceruelo, Oscar"]
[Result "1-0"]
[WhiteElo "1760"]
[BlackElo "1390"]
[PlyCount "59"]
[EventDate "2013.04.07"]
[EventType "swiss"]
[EventRounds "9"]
[EventCountry "ESP"]
[SourceTitle "Ajedrez en Madrid"]
[Source "lmi"]
[SourceDate "2013.04.07"]
[SourceVersion "1"]
[SourceVersionDate "2013.08.06"]
[SourceQuality "1"]

1. e4 e5 2. Nf3 Nc6 3. Bb5 Bc5 4. c3 Nf6 5. O-O O-O 6. Re1 Ng4 7. d4 Bb6 8. h3
Nf6 9. Bg5 exd4 10. cxd4 d6 11. Nc3 Ba5 12. a3 Bxc3 13. bxc3 a6 14. Ba4 b5 15.
Bc2 Bb7 16. Qd3 Re8 17. Rad1 h6 18. Bh4 g5 19. Bg3 Kf8 20. e5 dxe5 21. Nxe5 Qd5
22. f3 Re7 23. Qf5 Nxe5 24. dxe5 Qc5+ 25. Bf2 Qxc3 26. exf6 Rxe1+ 27. Rxe1 Re8
28. Bc5+ Re7 29. Bxe7+ Ke8 30. Bb4+ 1-0

[Event "7. Open C.A. Ciudad los Angeles 2012"]
[Site "Madrid ESP"]
[Date "2013.04.14"]
[Round "2.1"]
[White "Ruiz Sanchez, Roberto"]
[Black "Perez Fernandez, Guillermo"]
[Result "1-0"]
[WhiteElo "1981"]
[BlackElo "1849"]
[PlyCount "107"]
[EventDate "2013.04.07"]
[EventType "swiss"]
[EventRounds "9"]
[EventCountry "ESP"]
[SourceTitle "Ajedrez en Madrid"]
[Source "lmi"]
[SourceDate "2013.04.07"]
[SourceVersion "1"]
[SourceVersionDate "2013.08.06"]
[SourceQuality "1"]

1. e4 e5 2. Nf3 Nf6 3. d4 exd4 4. e5 Ne4 5. Qxd4 d5 6. exd6 Nxd6 7. Nc3 Nc6 8.
Qf4 g6 9. Be3 Bg7 10. O-O-O Qf6 11. Qxf6 Bxf6 12. Nd5 Bd8 13. Bf4 O-O 14. Nxc7
Bxc7 15. Bxd6 Bxd6 16. Rxd6 Be6 17. Ng5 Bf5 18. Bd3 Bxd3 19. Rxd3 Rad8 20. Rhd1
Rxd3 21. Rxd3 Rd8 22. Rxd8+ Nxd8 23. Kd2 f6 24. Ne4 Kf7 25. Kc3 Ke6 26. Kc4 h5
27. a4 f5 28. Nc5+ Kd6 29. f4 b6 30. Nd3 Ne6 31. h4 a6 32. c3 Nf8 33. Ne5 Ke6
34. b3 Kd6 35. b4 Ke6 36. a5 bxa5 37. bxa5 Kd6 38. Kb4 Kd5 39. c4+ Kd6 40. Kb3
Kc5 41. Kc3 Kd6 42. Kb4 Kc7 43. c5 Kb7 44. Kc4 Kc8 45. Kd5 Kd8 46. Kc6 Kc8 47.
Kb6 Kb8 48. c6 Kc8 49. Kxa6 Kc7 50. Kb5 Ne6 51. a6 Nd4+ 52. Kc4 Nxc6 53. Nxc6
Kxc6 54. Kd4 1-0

[Event "7. Open C.A. Ciudad los Angeles 2012"]
[Site "Madrid ESP"]
[Date "2013.04.14"]
[Round "2.2"]
[White "Magan Gonzalez, Alberto"]
[Black "Rodriguez Vignote, Javier"]
[Result "0-1"]
[WhiteElo "1855"]
[BlackElo "1975"]
[PlyCount "114"]
[EventDate "2013.04.07"]
[EventType "swiss"]
[EventRounds "9"]
[EventCountry "ESP"]
[SourceTitle "Ajedrez en Madrid"]
[Source "lmi"]
[SourceDate "2013.04.07"]
[SourceVersion "1"]
[SourceVersionDate "2013.08.06"]
[SourceQuality "1"]

1. e4 e6 2. d4 d5 3. Nc3 Nf6 4. Bg5 Be7 5. e5 Nfd7 6. Bxe7 Qxe7 7. f4 a6 8. Nf3
c5 9. Qd2 Nc6 10. O-O-O b5 11. dxc5 Nxc5 12. Bd3 b4 13. Ne2 a5 14. Ned4 Nxd4
15. Nxd4 Ba6 16. Kb1 Bxd3 17. cxd3 O-O 18. Rhe1 f6 19. Qe3 Rac8 20. g3 f5 21.
g4 fxg4 22. Rg1 Qh4 23. Rc1 Qh3 24. Qxh3 gxh3 25. Rxc5 Rxc5 26. Nxe6 Rcc8 27.
Nxf8 Rxf8 28. Rf1 Rf5 29. Kc2 g5 30. Rg1 h6 31. fxg5 hxg5 32. d4 Kf7 33. Kb3
Rf2 34. Rxg5 Rxh2 35. Rh5 Kg6 36. Rh8 Rd2 37. Rxh3 Rxd4 38. Re3 Kf7 39. a3 Ke6
40. axb4 Rxb4+ 41. Kc2 a4 42. Re1 Re4 43. Rh1 Kxe5 44. Rh5+ Kd4 45. Kd2 Rg4 46.
Rh8 Rg2+ 47. Kc1 Kc4 48. Rc8+ Kd3 49. Rc3+ Ke4 50. Ra3 d4 51. Rxa4 Ke3 52. Ra8
Kd3 53. Kb1 Kd2 54. b4 Rg3 55. Ra2+ Ke1 56. b5 d3 57. Kc1 Rg5 0-1

[Event "7. Open C.A. Ciudad los Angeles 2012"]
[Site "Madrid ESP"]
[Date "2013.04.14"]
[Round "2.3"]
[White "Lobato Rivero, Carlos"]
[Black "Al-Zarif Zabala, Bassam"]
[Result "1/2-1/2"]
[WhiteElo "1964"]
[BlackElo "1797"]
[PlyCount "35"]
[EventDate "2013.04.07"]
[EventType "swiss"]
[EventRounds "9"]
[EventCountry "ESP"]
[SourceTitle "Ajedrez en Madrid"]
[Source "lmi"]
[SourceDate "2013.04.07"]
[SourceVersion "1"]
[SourceVersionDate "2013.08.06"]
[SourceQuality "1"]

1. e4 c5 2. c3 Nf6 3. d3 d6 4. f4 Nc6 5. Nf3 g6 6. g3 Bg7 7. Bg2 O-O 8. O-O Rb8
9. a4 a6 10. Qe2 b5 11. axb5 axb5 12. Nbd2 b4 13. c4 Nd7 14. Ra2 Bb7 15. Nb3
Ra8 16. Rxa8 Qxa8 17. Qc2 Qa2 18. Re1 1/2-1/2

[Event "7. Open C.A. Ciudad los Angeles 2012"]
[Site "Madrid ESP"]
[Date "2013.04.14"]
[Round "2.4"]
[White "Sebastian Enesco, Alex"]
[Black "Brull Cortes, Boris"]
[Result "0-1"]
[WhiteElo "1795"]
[BlackElo "1953"]
[PlyCount "88"]
[EventDate "2013.04.07"]
[EventType "swiss"]
[EventRounds "9"]
[EventCountry "ESP"]
[SourceTitle "Ajedrez en Madrid"]
[Source "lmi"]
[SourceDate "2013.04.07"]
[SourceVersion "1"]
[SourceVersionDate "2013.08.06"]
[SourceQuality "1"]

1. g4 d5 2. h3 e5 3. Nf3 Nc6 4. d4 e4 5. Ne5 Nxe5 6. dxe5 Bc5 7. Bf4 Ne7 8. e3
c6 9. Nd2 Ng6 10. Nb3 Bb6 11. Qd2 Bc7 12. Qd4 Qe7 13. e6 fxe6 14. Bxc7 Qxc7 15.
Be2 O-O 16. h4 Ne5 17. h5 Nxg4 18. Bxg4 e5 19. Qd1 Qf7 20. Rf1 d4 21. exd4 e3
22. Qe2 exf2+ 23. Kd1 Qf4 24. Bxc8 Raxc8 25. Qxe5 Qf3+ 26. Qe2 Qg2 27. c3 Rce8
28. Qc4+ Kh8 29. Kc2 Re1 30. Nd2 Rfe8 31. Qf7 R1e2 32. h6 Qg6+ 33. Qxg6 hxg6
34. hxg7+ Kxg7 35. Rad1 g5 36. Rh1 Kg6 37. Rdf1 g4 38. Kd1 Kg5 39. Nb3 g3 40.
Nc1 Rxb2 41. Rh7 Kg4 42. Rfh1 Kf3 43. Rf7+ Kg2 44. Rhh7 Re1# 0-1

[Event "7. Open C.A. Ciudad los Angeles 2012"]
[Site "Madrid ESP"]
[Date "2013.04.14"]
[Round "2.5"]
[White "Garcia De Quesada Y Fort, Ignacio"]
[Black "Leniz Martinez, Francisco"]
[Result "1/2-1/2"]
[WhiteElo "1926"]
[BlackElo "1771"]
[PlyCount "97"]
[EventDate "2013.04.07"]
[EventType "swiss"]
[EventRounds "9"]
[EventCountry "ESP"]
[SourceTitle "Ajedrez en Madrid"]
[Source "lmi"]
[SourceDate "2013.04.07"]
[SourceVersion "1"]
[SourceVersionDate "2013.08.06"]
[SourceQuality "1"]

1. d4 d5 2. c4 c6 3. Nf3 e6 4. e3 Nf6 5. Nc3 Bd6 6. b3 O-O 7. Bd3 Nbd7 8. O-O
Re8 9. e4 dxe4 10. Nxe4 Nxe4 11. Bxe4 Qc7 12. c5 Bf4 13. g3 Bxc1 14. Rxc1 Nf6
15. Bb1 Nd5 16. Ne5 Re7 17. Bxh7+ Kxh7 18. h4 Kg8 19. h5 f6 20. Ng6 Rf7 21. Qe2
Bd7 22. Kg2 Re8 23. Rh1 Ne7 24. g4 e5 25. dxe5 Be6 26. Rh3 Qd7 27. f3 f5 28.
Rd1 Qc8 29. g5 f4 30. Rh4 Nd5 31. h6 gxh6 32. gxh6 Kh7 33. Rxd5 Bxd5 34. Nxf4
Rg8+ 35. Kf2 Be6 36. Nh5 Qd8 37. Nf6+ Rxf6 38. exf6 Qxf6 39. Rh2 Qd4+ 40. Qe3
Qxe3+ 41. Kxe3 Rg6 42. f4 Rxh6 43. Rxh6+ Kxh6 44. Ke4 Kg6 45. Ke5 Bd5 46. Kd6
b5 47. cxb6 axb6 48. a4 Bxb3 49. Kxc6 1/2-1/2

[Event "7. Open C.A. Ciudad los Angeles 2012"]
[Site "Madrid ESP"]
[Date "2013.04.14"]
[Round "2.6"]
[White "Maseda Iglesias, Luis"]
[Black "Rodriguez Dorado, Victor"]
[Result "0-1"]
[WhiteElo "1766"]
[BlackElo "1924"]
[PlyCount "100"]
[EventDate "2013.04.07"]
[EventType "swiss"]
[EventRounds "9"]
[EventCountry "ESP"]
[SourceTitle "Ajedrez en Madrid"]
[Source "lmi"]
[SourceDate "2013.04.07"]
[SourceVersion "1"]
[SourceVersionDate "2013.08.06"]
[SourceQuality "1"]

1. e4 c5 2. Nf3 g6 3. d4 cxd4 4. Nxd4 Bg7 5. c4 Nc6 6. Be3 Nf6 7. Nc3 O-O 8.
Qd2 Qa5 9. Be2 Nxd4 10. Bxd4 Nxe4 11. Nxe4 Qxd2+ 12. Nxd2 Bxd4 13. Rb1 d6 14.
Bf3 Rb8 15. O-O b6 16. Rfe1 Be5 17. Nf1 Bf5 18. Be4 Bxe4 19. Rxe4 Rfc8 20. Nd2
f5 21. Re2 b5 22. Nf3 Bf6 23. cxb5 Rxb5 24. b3 Rbc5 25. g3 Rc2 26. Rxc2 Rxc2
27. a4 Rb2 28. Rxb2 Bxb2 29. Ne1 e5 30. Nd3 Bd4 31. Nb4 a5 32. Nc6 Bc3 33. Kf1
Kf7 34. Ke2 Ke6 35. Kd3 Be1 36. Ke2 Bb4 37. Nxb4 axb4 38. Kd2 Kd5 39. Kd3 Kc5
40. Ke3 d5 41. Kd3 e4+ 42. Kd2 d4 43. Ke2 g5 44. Kd2 f4 45. Ke2 d3+ 46. Kd2 Kd4
47. h4 e3+ 48. fxe3+ fxe3+ 49. Kd1 gxh4 50. gxh4 Kc3 0-1

[Event "7. Open C.A. Ciudad los Angeles 2012"]
[Site "Madrid ESP"]
[Date "2013.04.14"]
[Round "2.7"]
[White "Crespo Villalba, Israel"]
[Black "Ramos Antona, Enrique"]
[Result "1-0"]
[WhiteElo "1921"]
[BlackElo "1752"]
[PlyCount "125"]
[EventDate "2013.04.07"]
[EventType "swiss"]
[EventRounds "9"]
[EventCountry "ESP"]
[SourceTitle "Ajedrez en Madrid"]
[Source "lmi"]
[SourceDate "2013.04.07"]
[SourceVersion "1"]
[SourceVersionDate "2013.08.06"]
[SourceQuality "1"]

1. d4 d5 2. Nf3 Nf6 3. c4 e6 4. Nc3 c6 5. Bg5 Be7 6. e3 h6 7. Bh4 Ne4 8. Bxe7
Qxe7 9. Bd3 Nxc3 10. bxc3 dxc4 11. Bxc4 b5 12. Bd3 O-O 13. O-O Nd7 14. Be4 Qd6
15. Nd2 Nb6 16. Bf3 Bd7 17. Ne4 Qe7 18. Nc5 Rac8 19. Qd3 e5 20. Rfd1 Be6 21.
Nxe6 Qxe6 22. e4 a6 23. Qe2 Rc7 24. d5 cxd5 25. exd5 Qd6 26. Rac1 Rc5 27. h3 f5
28. Qc2 e4 29. Be2 Kh8 30. Qb3 Rxd5 31. c4 Nxc4 32. Rxd5 Qxd5 33. Bxc4 bxc4 34.
Qxc4 Rd8 35. Qxa6 Ra8 36. Rc8+ Rxc8 37. Qxc8+ Kh7 38. Qc2 Qd3 39. Qxd3 exd3 40.
Kf1 Kg8 41. Ke1 Kf7 42. Kd2 Ke7 43. Kxd3 h5 44. Kd4 Kd6 45. f4 h4 46. a4 g6 47.
a5 Kc6 48. a6 Kb6 49. Ke5 Kxa6 50. Kf6 Kb7 51. Kxg6 Kc7 52. Kxf5 Kd6 53. Kg4
Ke6 54. Kxh4 Kf5 55. g4+ Kxf4 56. Kh5 Ke5 57. Kg5 Ke6 58. Kg6 Ke7 59. Kg7 Ke6
60. h4 Ke5 61. g5 Kf5 62. Kh6 Ke6 63. g6 1-0

[Event "7. Open C.A. Ciudad los Angeles 2012"]
[Site "Madrid ESP"]
[Date "2013.04.14"]
[Round "2.8"]
[White "Murciano Cespedosa, Antonio"]
[Black "Lopez Ziegler, Carlos"]
[Result "0-1"]
[WhiteElo "1743"]
[BlackElo "1913"]
[PlyCount "58"]
[EventDate "2013.04.07"]
[EventType "swiss"]
[EventRounds "9"]
[EventCountry "ESP"]
[SourceTitle "Ajedrez en Madrid"]
[Source "lmi"]
[SourceDate "2013.04.07"]
[SourceVersion "1"]
[SourceVersionDate "2013.08.06"]
[SourceQuality "1"]

1. d4 d5 2. Nf3 Nf6 3. c4 c6 4. Nc3 e6 5. e3 Be7 6. Be2 O-O 7. O-O a6 8. Qb3
dxc4 9. Bxc4 b5 10. Be2 Nbd7 11. Qc2 Bb7 12. e4 c5 13. e5 Nd5 14. dxc5 Nxc5 15.
Nxd5 Bxd5 16. Be3 Rc8 17. Qd2 Qc7 18. Bd4 Rfd8 19. Qe3 Qb7 20. Rac1 Nd7 21. a3
Nf8 22. Bb6 Rxc1 23. Rxc1 Rc8 24. b4 Rxc1+ 25. Qxc1 Qxb6 26. Qc3 Ng6 27. Qc8+
Bf8 28. Qd7 Bxf3 29. Bxf3 Nxe5 0-1

[Event "7. Open C.A. Ciudad los Angeles 2012"]
[Site "Madrid ESP"]
[Date "2013.04.14"]
[Round "2.9"]
[White "Marcos Herrero, Francisco"]
[Black "Enfedaque Jimenez, Juan Carlos"]
[Result "1-0"]
[WhiteElo "1912"]
[BlackElo "1735"]
[PlyCount "43"]
[EventDate "2013.04.07"]
[EventType "swiss"]
[EventRounds "9"]
[EventCountry "ESP"]
[SourceTitle "Ajedrez en Madrid"]
[Source "lmi"]
[SourceDate "2013.04.07"]
[SourceVersion "1"]
[SourceVersionDate "2013.08.06"]
[SourceQuality "1"]

1. d4 e6 2. c4 d5 3. Nf3 Nf6 4. g3 dxc4 5. Bg2 a6 6. Ne5 c5 7. Na3 cxd4 8.
Naxc4 Bb4+ 9. Bd2 Bxd2+ 10. Qxd2 O-O 11. O-O Nd5 12. Qxd4 b5 13. Ne3 f6 14.
Nxd5 fxe5 15. Qd3 Bb7 16. Nb4 Qb6 17. Bxb7 Qxb7 18. Qd6 Rf6 19. Rac1 Ra7 20.
Rfd1 a5 21. Nc6 Ra6 22. Qxb8+ 1-0

[Event "7. Open C.A. Ciudad los Angeles 2012"]
[Site "Madrid ESP"]
[Date "2013.04.14"]
[Round "2.10"]
[White "Yeves Miquel, Enrique"]
[Black "Tirado Parra, Alberto"]
[Result "0-1"]
[WhiteElo "1737"]
[BlackElo "1896"]
[PlyCount "126"]
[EventDate "2013.04.07"]
[EventType "swiss"]
[EventRounds "9"]
[EventCountry "ESP"]
[SourceTitle "Ajedrez en Madrid"]
[Source "lmi"]
[SourceDate "2013.04.07"]
[SourceVersion "1"]
[SourceVersionDate "2013.08.06"]
[SourceQuality "1"]

1. d4 d5 2. c4 e6 3. Nc3 Nf6 4. cxd5 exd5 5. Bg5 Be7 6. e3 O-O 7. Bd3 Nbd7 8.
Nge2 Re8 9. O-O c6 10. Qc2 Nf8 11. f3 Be6 12. e4 dxe4 13. fxe4 Ng4 14. Bxe7
Qxe7 15. Qd2 c5 16. d5 c4 17. dxe6 Nxe6 18. Bc2 Qc5+ 19. Kh1 Nf2+ 20. Rxf2 Qxf2
21. Qe1 Qc5 22. b3 f5 23. bxc4 b5 24. cxb5 Nd4 25. Nxd4 Qxd4 26. Rd1 Qc5 27.
Bb3+ Kh8 28. Rd5 Qb4 29. Rd1 fxe4 30. Nd5 Qxe1+ 31. Rxe1 Rad8 32. Kg1 Re5 33.
Ne3 Rxb5 34. Nc4 Rd4 35. Kf2 a5 36. Ke3 Rd8 37. Rd1 Rxb3+ 38. Ke2 Rxd1 39. axb3
Ra1 40. Ke3 a4 41. bxa4 Rxa4 42. Nd6 Ra2 43. g3 Rxh2 44. Nxe4 Kg8 45. Kf4 Ra2
46. Kf5 Ra5+ 47. Kf4 Kf7 48. Nd6+ Ke6 49. Ne4 Ra4 50. Kf3 Rxe4 51. Kxe4 g5 52.
g4 Kf6 53. Kd4 Kg6 54. Ke4 h5 55. gxh5+ Kxh5 56. Kf3 Kh4 57. Kg2 Kg4 58. Kh2
Kf3 59. Kg1 Kg3 60. Kh1 Kh3 61. Kg1 g4 62. Kh1 g3 63. Kg1 g2 0-1

[Event "7. Open C.A. Ciudad los Angeles 2012"]
[Site "Madrid ESP"]
[Date "2013.04.14"]
[Round "2.12"]
[White "Vazquez Moreno, Luis"]
[Black "Largo Barbero, Benito"]
[Result "1/2-1/2"]
[WhiteElo "1729"]
[BlackElo "1879"]
[PlyCount "80"]
[EventDate "2013.04.07"]
[EventType "swiss"]
[EventRounds "9"]
[EventCountry "ESP"]
[SourceTitle "Ajedrez en Madrid"]
[Source "lmi"]
[SourceDate "2013.04.07"]
[SourceVersion "1"]
[SourceVersionDate "2013.08.06"]
[SourceQuality "1"]

1. d4 Nf6 2. c4 Nc6 3. d5 Ne5 4. Qd4 Ng6 5. e4 c5 6. Qxc5 e5 7. Qe3 b6 8. Be2
Bc5 9. Qd3 Ba6 10. a3 Rc8 11. Nc3 Bd4 12. Nb5 Bxb5 13. cxb5 O-O 14. Nf3 Qe7 15.
Nxd4 exd4 16. f3 Nxd5 17. exd5 Rxc1+ 18. Rxc1 Nf4 19. Qe4 Qg5 20. g3 Nd3+ 21.
Bxd3 Qxc1+ 22. Ke2 Qxb2+ 23. Bc2 f5 24. Qd3 Re8+ 25. Kf1 Re3 26. Qxf5 Qc1+ 27.
Kg2 Re2+ 28. Kh3 Qxh1 29. Qxh7+ Kf8 30. Qf5+ Ke8 31. Be4 Rxh2+ 32. Kg4 Rh6 33.
Qe5+ Kf8 34. Qb8+ Kf7 35. Qf4+ Rf6 36. Qc7 g6 37. Qxd7+ Kf8 38. Qd8+ Kg7 39.
Qe7+ Rf7 40. Qe5+ Kf8 1/2-1/2

[Event "7. Open C.A. Ciudad los Angeles 2012"]
[Site "Madrid ESP"]
[Date "2013.04.14"]
[Round "2.13"]
[White "Perez Alvarez, Javier"]
[Black "Gines Martinez, Andres"]
[Result "1-0"]
[WhiteElo "1818"]
[BlackElo "1510"]
[PlyCount "51"]
[EventDate "2013.04.07"]
[EventType "swiss"]
[EventRounds "9"]
[EventCountry "ESP"]
[SourceTitle "Ajedrez en Madrid"]
[Source "lmi"]
[SourceDate "2013.04.07"]
[SourceVersion "1"]
[SourceVersionDate "2013.08.06"]
[SourceQuality "1"]

1. d4 d5 2. c4 c6 3. Nf3 Nf6 4. Nc3 e6 5. Bg5 Be7 6. e3 b6 7. Rc1 O-O 8. Qc2
Nbd7 9. Bd3 Re8 10. O-O Nf8 11. cxd5 exd5 12. Rfd1 Bb7 13. a3 a5 14. Ne5 N6d7
15. Bxe7 Rxe7 16. Nxd7 Qxd7 17. Na4 Qc7 18. Qb3 Nd7 19. Bf5 Ra6 20. Bxd7 Rxd7
21. Nc3 Qd8 22. Ne2 Qe7 23. Rc3 Rc7 24. Rdc1 b5 25. Nf4 Rd7 26. Nd3 1-0

[Event "7. Open C.A. Ciudad los Angeles 2012"]
[Site "Madrid ESP"]
[Date "2013.04.14"]
[Round "2.15"]
[White "Bellod Thomas, Gonzalo"]
[Black "Garcia Minguez, Antonio"]
[Result "1-0"]
[WhiteElo "1715"]
[BlackElo "1494"]
[PlyCount "72"]
[EventDate "2013.04.07"]
[EventType "swiss"]
[EventRounds "9"]
[EventCountry "ESP"]
[SourceTitle "Ajedrez en Madrid"]
[Source "lmi"]
[SourceDate "2013.04.07"]
[SourceVersion "1"]
[SourceVersionDate "2013.08.06"]
[SourceQuality "1"]

1. d4 d5 2. Nf3 e6 3. c4 c6 4. cxd5 cxd5 5. Nc3 Nf6 6. Bg5 Be7 7. e3 O-O 8. Bd3
h6 9. Bh4 Nbd7 10. O-O b6 11. Rc1 Bb7 12. Qe2 a6 13. Rfd1 b5 14. Bg3 Rc8 15.
Bb1 Qe8 16. Ne5 Nb6 17. h3 Nc4 18. Nd3 b4 19. Na4 Qxa4 20. b3 Qb5 21. bxc4 dxc4
22. Ne5 Nd5 23. Qc2 f5 24. Ng6 Rfe8 25. Nxe7+ Nxe7 26. Qe2 Nd5 27. a4 Qxa4 28.
Qh5 Qd7 29. Be5 a5 30. Qg6 Qf7 31. Qg3 a4 32. e4 Nc3 33. Rxc3 bxc3 34. Bf4 fxe4
35. Bxh6 Bd5 36. f3 Qh5 1-0

[Event "7. Open C.A. Ciudad los Angeles 2012"]
[Site "Madrid ESP"]
[Date "2013.04.14"]
[Round "2.19"]
[White "Cortijo Manso, Luis"]
[Black "Juarez De Vena, Antonio"]
[Result "0-1"]
[WhiteElo "1520"]
[BlackElo "1697"]
[PlyCount "74"]
[EventDate "2013.04.07"]
[EventType "swiss"]
[EventRounds "9"]
[EventCountry "ESP"]
[SourceTitle "Ajedrez en Madrid"]
[Source "lmi"]
[SourceDate "2013.04.07"]
[SourceVersion "1"]
[SourceVersionDate "2013.08.06"]
[SourceQuality "1"]

1. d4 Nf6 2. Nf3 g6 3. g3 b6 4. Bg2 Bb7 5. c4 d5 6. Ne5 Bg7 7. Nc3 O-O 8. b3 c6
9. O-O e6 10. Bg5 Nbd7 11. Qc1 Re8 12. e4 Qc7 13. Nxd7 Nxd7 14. e5 a6 15. Bh6
Bh8 16. Nd1 Rac8 17. Ne3 c5 18. f4 cxd4 19. Ng4 dxc4 20. Bxb7 Qxb7 21. bxc4 Qc6
22. Qa3 a5 23. Rac1 Qc5 24. Qd3 f6 25. exf6 Bxf6 26. Nf2 Qh5 27. Bg5 Bxg5 28.
fxg5 Ne5 29. g4 Nxd3 30. gxh5 Nxc1 31. Rxc1 Red8 32. h6 Rc5 33. Ne4 Re5 34.
Nf6+ Kh8 35. h4 d3 36. Kf2 d2 37. Rd1 Rd4 0-1

[Event "7. Open C.A. Ciudad los Angeles 2012"]
[Site "Madrid ESP"]
[Date "2013.04.14"]
[Round "2.20"]
[White "Savchuk, Olga"]
[Black "Lopez-Andujar Ocaña, Ramon"]
[Result "1-0"]
[WhiteElo "1514"]
[BlackElo "1684"]
[PlyCount "57"]
[EventDate "2013.04.07"]
[EventType "swiss"]
[EventRounds "9"]
[EventCountry "ESP"]
[SourceTitle "Ajedrez en Madrid"]
[Source "lmi"]
[SourceDate "2013.04.07"]
[SourceVersion "1"]
[SourceVersionDate "2013.08.06"]
[SourceQuality "1"]

1. e4 c5 2. Nf3 d6 3. c4 Nf6 4. Nc3 e6 5. d4 Nc6 6. Be2 Be7 7. O-O O-O 8. h3 e5
9. dxe5 dxe5 10. Re1 Qc7 11. Nd5 Qd6 12. Bf1 h6 13. Bd2 b6 14. a3 Re8 15. b4
Nd7 16. Bc3 Bd8 17. Qd2 Nd4 18. Qd1 Bb7 19. Rb1 Bc6 20. a4 Bc7 21. a5 f5 22. b5
Bxd5 23. cxd5 fxe4 24. Rxe4 Qxd5 25. Bd3 Nf6 26. Re1 e4 27. Nxd4 cxd4 28. Bc2
dxc3 29. Bb3 1-0

[Event "7. Open C.A. Ciudad los Angeles 2012"]
[Site "Madrid ESP"]
[Date "2013.04.14"]
[Round "2.21"]
[White "Ballesteros Jimenez, Miguel A"]
[Black "Lopez Ziegler, Juan Jose"]
[Result "1-0"]
[WhiteElo "1672"]
[BlackElo "1515"]
[PlyCount "75"]
[EventDate "2013.04.07"]
[EventType "swiss"]
[EventRounds "9"]
[EventCountry "ESP"]
[SourceTitle "Ajedrez en Madrid"]
[Source "lmi"]
[SourceDate "2013.04.07"]
[SourceVersion "1"]
[SourceVersionDate "2013.08.06"]
[SourceQuality "1"]

1. e4 c5 2. Nc3 e6 3. f4 a6 4. Nf3 b5 5. g3 Bb7 6. d3 d5 7. exd5 b4 8. Ne2 Nf6
9. Bg2 Nxd5 10. O-O Qb6 11. Kh1 Nc6 12. Bd2 Nce7 13. Ne5 Nf5 14. Nc4 Qc7 15.
Qe1 h5 16. Kg1 h4 17. Qf2 hxg3 18. Nxg3 Nh4 19. Bh1 O-O-O 20. Qe2 g6 21. Qe5
Bd6 22. Nxd6+ Qxd6 23. Ne4 Qb6 24. c4 bxc3 25. bxc3 c4+ 26. d4 Rh5 27. Qg7 Qc7
28. Ng5 Nxc3 29. Qxf7 Rd7 30. Qe8+ Rd8 31. Qxe6+ Rd7 32. Bxc3 Bxh1 33. Qxa6+
Bb7 34. Qb5 Re7 35. Ba5 Qd6 36. Qxc4+ Kb8 37. Bb4 Bd5 38. Qb5+ 1-0

[Event "7. Open C.A. Ciudad los Angeles 2012"]
[Site "Madrid ESP"]
[Date "2013.04.14"]
[Round "2.22"]
[White "Benitez Robles, Antonio"]
[Black "Rodriguez Lopez-Cañizares, Francisco"]
[Result "0-1"]
[WhiteElo "1483"]
[BlackElo "1668"]
[PlyCount "68"]
[EventDate "2013.04.07"]
[EventType "swiss"]
[EventRounds "9"]
[EventCountry "ESP"]
[SourceTitle "Ajedrez en Madrid"]
[Source "lmi"]
[SourceDate "2013.04.07"]
[SourceVersion "1"]
[SourceVersionDate "2013.08.06"]
[SourceQuality "1"]

1. d4 Nf6 2. c4 e5 3. Nc3 exd4 4. Qxd4 Nc6 5. Qd1 d6 6. Bf4 Be6 7. e3 g6 8. Nf3
Bg7 9. Qc2 O-O 10. Rd1 Qc8 11. Nd5 Bf5 12. Bd3 Bxd3 13. Rxd3 Nxd5 14. Rxd5 Nb4
15. Qd2 Nxd5 16. cxd5 Qf5 17. O-O Rfe8 18. h3 Qe4 19. Ng5 Qe7 20. Nf3 h6 21.
Re1 Qe4 22. b3 g5 23. Bg3 g4 24. hxg4 Qxg4 25. Qc2 Rac8 26. e4 h5 27. Bh4 Kh8
28. Qd3 f5 29. Nh2 Qxh4 30. Nf3 fxe4 31. Rxe4 Qxe4 32. Qd2 Qg6 33. Qf4 Rf8 34.
Qe3 Rce8 0-1

[Event "7. Open C.A. Ciudad los Angeles 2012"]
[Site "Madrid ESP"]
[Date "2013.04.14"]
[Round "2.23"]
[White "Sorribes Calle, Pablo"]
[Black "Martin Rodriguez, Jose Luis"]
[Result "1-0"]
[WhiteElo "1663"]
[BlackElo "1434"]
[PlyCount "63"]
[EventDate "2013.04.07"]
[EventType "swiss"]
[EventRounds "9"]
[EventCountry "ESP"]
[SourceTitle "Ajedrez en Madrid"]
[Source "lmi"]
[SourceDate "2013.04.07"]
[SourceVersion "1"]
[SourceVersionDate "2013.08.06"]
[SourceQuality "1"]

1. d4 Nf6 2. c4 e6 3. a3 c5 4. d5 d6 5. Nc3 a6 6. e4 e5 7. f4 g6 8. fxe5 dxe5
9. Nf3 Qc7 10. Be2 Bg4 11. O-O h5 12. Kh1 Nbd7 13. Rb1 b6 14. Qc2 Bg7 15. Be3
Bh6 16. Bxh6 Rxh6 17. Rbd1 Qd6 18. Rf2 Bxf3 19. Rxf3 Ng4 20. Rdf1 Rh7 21. Qd2
Qe7 22. Rh3 f6 23. d6 Qg7 24. Qd5 Rc8 25. Qe6+ Kd8 26. Bxg4 hxg4 27. Rxh7 Qxh7
28. Nd5 g3 29. h3 g5 30. Nxf6 Nxf6 31. Rxf6 Qg7 32. Rf7 1-0

[Event "7. Open C.A. Ciudad los Angeles 2012"]
[Site "Madrid ESP"]
[Date "2013.04.14"]
[Round "2.24"]
[White "Pablos Ceruelo, Oscar"]
[Black "Melcon Diez, Enrique"]
[Result "0-1"]
[WhiteElo "1390"]
[BlackElo "1641"]
[PlyCount "98"]
[EventDate "2013.04.07"]
[EventType "swiss"]
[EventRounds "9"]
[EventCountry "ESP"]
[SourceTitle "Ajedrez en Madrid"]
[Source "lmi"]
[SourceDate "2013.04.07"]
[SourceVersion "1"]
[SourceVersionDate "2013.08.06"]
[SourceQuality "1"]

1. e4 c5 2. c4 g6 3. Nf3 Bg7 4. Nc3 Nc6 5. d3 d6 6. Be2 Nf6 7. O-O O-O 8. Bg5
h6 9. Bh4 g5 10. Bg3 Nh5 11. h4 Nxg3 12. fxg3 g4 13. Nh2 h5 14. Nd5 Bxb2 15.
Rb1 Be5 16. Nf4 Bxf4 17. Rxf4 Nd4 18. Bxg4 e5 19. Rf2 hxg4 20. Nxg4 f5 21. Nh6+
Kg7 22. Nxf5+ Nxf5 23. exf5 Qf6 24. Qg4+ Kf7 25. Qg6+ Qxg6 26. fxg6+ Kg7 27. h5
b6 28. Rxf8 Kxf8 29. Rf1+ Kg8 30. h6 Be6 31. Rf6 Re8 32. g7 d5 33. cxd5 Bxd5
34. a4 e4 35. dxe4 Bxe4 36. Kf2 Bc2 37. g4 Bxa4 38. g5 c4 39. Rf8+ Rxf8+ 40.
gxf8=Q+ Kxf8 41. g6 Bc2 42. g7+ Kg8 43. Ke2 Bg6 44. Kd2 Kh7 45. g4 Bf7 46. g5
Kg6 47. Kc3 Bg8 48. Kb4 b5 49. Kc3 Kxg5 0-1